Friends characters - Sudden Death - Statistics

General Stats
  • This quiz has been taken 3,045 times
  • The average score is 8 of 10
Answers on the Grid
Answers color-coded by a green-red scale on the quiz's grid according to % correct below.
Monica Geller
Chandler Bing
Phoebe Buffay
Joey Tribbiani
Ben Geller
Carol Willick
Mike Hannigan
Richard Burcke
Rachel Green
Janice Litman
Michael Scott
Dwight Schrute
Ryan Howard
Jay Pritchett
Haley Dunphy
Dylan Marshall
Jessica Wicks
Stuart Bloom
Judy Eriksen
Stella Zinman
Sandy Rivers
Gina Linetti
Charles Boyle
Doug Judy
Garrett McNeill
Dina Fox
Jonah Simms
Diane Lewis
 
Answer Stats
Answer % Correct
Phoebe Buffay
88%
Chandler Bing
87%
Rachel Green
87%
Joey Tribbiani
86%
Monica Geller
86%
Ben Geller
81%
Janice Litman
71%
Carol Willick
69%
Mike Hannigan
68%
Richard Burcke
68%
No matching quizzes found
Score Distribution
Percent of People with Each Score
Percentile by Number Answered
Your Score History
You have not taken this quiz